000 00607cam a2200205 4500500
005 20260329004420.0
041 _afre
042 _adc
100 1 0 _aPortevin, Catherine
_eauthor
245 0 0 _aBâtir et Habiter. Pour une éthique de la ville
260 _c2019.
500 _a97
690 _aCité
690 _aHabitat
690 _aHabiter
690 _aRichard Sennett
690 _aVille
786 0 _nPhilosophie magazine | 134 | 11 | 2019-11-01 | p. 45-48 | 1951-1787
856 4 1 _uhttps://shs.cairn.info/magazine-philosophie-magazine-2019-11-page-45?lang=fr&redirect-ssocas=7080
999 _c1833633
_d1833633